Statistics for Mandela Effect Quiz

Click here to take the quiz!

General Stats

  • This quiz has been taken 296 times
  • The average score is 14 of 20

Answer Stats

QuestionTileSelect% Correct
Which is correct?No
90%
Which is correct?Yes
90%
Which is correct?Yes
83%
Which is correct?No
82%
Which is correct?Yes
80%
Which is correct?No
80%
Which is correct?No
76%
Which is correct?Yes
76%
Which is correct?Yes
75%
Which is correct?No
75%
Which is correct?Yes
70%
Which is correct?No
67%
Which way was it spelled?Yes
66%
Which way was it spelled?No
63%
Which is correct?Yes
56%
Which is correct?No
52%
Which way was it spelled?Yes
46%
Which is correct?Yes
45%
Which way was it spelled?No
44%
Which is correct?No
44%

Score Distribution

Percentile by Number Answered

Percent of People with Each Score

Your Score History

You have not taken this quiz